000 00735nam a22002417a 4500
003 BD-DhJNU
005 20250119075611.0
008 250119b |||||||| |||| 00| 0 eng d
020 _a9781285176406
020 _a9781285176405
040 _aBD-DhJNU
_bENG
_cBD-DhJNU
_dBD-DhJNU
082 _223
_a362.973 ZAI
100 _aZastrow, Charles
245 _aIntroduction to social work and social welfare :
_bEmpowering People /
_cCharles Zastrow
250 _a11th ed.
260 _aUnited States :
_bBrooks/Cole Cengage Learning,
_c2014.
300 _axvii, 621p. :
_bill. ;
_c26 cm.
490 _aEmpowerment Series.
504 _aIncludes index
650 _aPublic welfare
650 _aUnited States
942 _2ddc
_cBK
_n0
999 _c1113
_d1113